000 00813cam a2200193 4500
001 WB3736-24
008 010925n2001 000 0 eng u
035 _a(Sirsi) u114820
245 _aApproved Development Programme
260 _c2001
490 _aHousing Today
_v(252) 20 September 2001, 2&4(1)
520 _aThe Housing Corporation has extended the deadline for the Approved Development Programme from 6 October to 31 October 2001 after RSLs complained the earlier date was unworkable. RSLs have also criticised the corporation for the inflexibility of the grant rate calculator and poor customer service.
590 _aWB
650 _aAPPROVED DEVELOPMENT PROGRAMME
650 _aHOUSING ASSOCIATIONS
650 _aREGISTERED SOCIAL LANDLORDS
690 _aAffordable housing
_96215
942 _n0
999 _c68357
_d68357